Cameroon : Enhanced Heavily Indebted Poor Countries (HIPC) Initiative; Completion Point Document and Multilateral Debt Relief Initiative (MDRI).

This paper on Cameroon's Enhanced Heavily Indebted Poor Countries (HIPC) Initiative explains implementation of the poverty reduction strategy and macroeconomic performance. Executive Directors agreed that Cameroon's external public debt was above the HIPC Initiative sustainability threshol...

Ful tanımlama

Detaylı Bibliyografya
Müşterek Yazar: International Monetary Fund
Materyal Türü: Dergi
Dil:English
Baskı/Yayın Bilgisi: Washington, D.C. : International Monetary Fund, 2006.
Seri Bilgileri:IMF Staff Country Reports; Country Report ; No. 2006/190
Online Erişim:Full text available on IMF
LEADER 01663cas a2200241 a 4500
001 AALejournalIMF004239
008 230101c9999 xx r poo 0 0eng d
020 |c 5.00 USD 
020 |z 9781451808162 
022 |a 1934-7685 
040 |a BD-DhAAL  |c BD-DhAAL 
110 2 |a International Monetary Fund. 
245 1 0 |a Cameroon :   |b Enhanced Heavily Indebted Poor Countries (HIPC) Initiative; Completion Point Document and Multilateral Debt Relief Initiative (MDRI). 
264 1 |a Washington, D.C. :  |b International Monetary Fund,  |c 2006. 
300 |a 1 online resource (75 pages) 
490 1 |a IMF Staff Country Reports 
500 |a <strong>Off-Campus Access:</strong> No User ID or Password Required 
500 |a <strong>On-Campus Access:</strong> No User ID or Password Required 
506 |a Electronic access restricted to authorized BRAC University faculty, staff and students 
520 3 |a This paper on Cameroon's Enhanced Heavily Indebted Poor Countries (HIPC) Initiative explains implementation of the poverty reduction strategy and macroeconomic performance. Executive Directors agreed that Cameroon's external public debt was above the HIPC Initiative sustainability threshold, and the country was eligible for assistance in the amount of USD 1.26 billion in 1999. Assuming prudent fiscal policies and robust non-oil real GDP growth, Cameroon's external public debt is expected to be sustainable over the long term. 
538 |a Mode of access: Internet 
830 0 |a IMF Staff Country Reports; Country Report ;  |v No. 2006/190 
856 4 0 |z Full text available on IMF  |u http://elibrary.imf.org/view/journals/002/2006/190/002.2006.issue-190-en.xml  |z IMF e-Library